00872cam a22002411 4500001001300000003000400013005001700017008004100034010001700075035001900092040001700111042001200128050001800140082001000158100003300168245025300201260002400454300002500478500006100503650002500564650002400589999001700613gs 48000029 DLC20260227111353.0761116s1947 dcu 000 0 eng  ags 48000029  a(OCoLC)2560548 aDLCcTxdDLC apremarc00aTD224.T4bS79 a628.11 aSundstrom, Raymond W.d1904-10aPublic water supplies in central and north-central Texas,cby R. W. Sundstrom, W. L. Broadhurst, and Mrs. B. C. Dwyer. Prepared in cooperation between the Texas State Board of Water Engineers and the Geological Survey, U. S. Dept. of the Interior. a[Washington]c1947. a237 l.bmap.c28 cm. aU.S. Geological Survey. Library for Library of Congress. 0aWater-supplyzTexas. 0aWaterxComposition. c28242d28242